Deutsche Bundesländer nach durchschnittlicher Gemeinde - Einwohner - Statistiken

Allgemein
  • Dieses Quiz wurde 172 mal gespielt
  • Das Durchschnittsergebnis liegt bei 9 aus 16
Antwortstatistiken
durchschn. EwZ* Bundesland % Korrekt
3.664.088 Berlin
100%
1.851.430 Hamburg
97%
340.065 Bremen
92%
45.342 Nordrhein-Westfalen
88%
14.913 Hessen
67%
18.923 Saarland
67%
10.085 Baden-Württemberg
55%
6.391 Bayern
50%
9.682 Sachsen
49%
10.003 Sachsen-Anhalt
43%
8.523 Niedersachsen
41%
1.781 Rheinland-Pfalz
35%
6.084 Brandenburg
30%
2.219 Mecklenburg-Vorpommern
28%
3.360 Thüringen
28%
2.632 Schleswig-Holstein
24%
Keine übereinstimmenden Quizze gefunden
Verteilung der Resultate
Anzahl Personen mit jedem Resultat
Perzentil nach korrekt beantworteten Fragen
Ihre Resultats-Entwicklung
Sie haben dieses Quiz noch nicht gespielt